000 00580cam a22002053a 4500
001 36790
003 PGUSA
005 20140828083814.0
008 110720s2011||||xxu|||||s|||||000 | eng d
040 _aPGUSA
_beng
042 _adc
100 1 _aMatthews, Brander,
_d1852-1929
245 1 2 _aA Book About the Theater
_h[electronic resource] /
_cBrander Matthews
260 _bProject Gutenberg,
_c2011
506 _aPublic domain in the USA.
516 _aElectronic text
830 0 _aProject Gutenberg
_v36790
856 4 0 _uhttp://www.gutenberg.org/ebooks/36790
942 _cEB
999 _c266045
_d266045